000
00308nam a2200109Ia 4500
005
20251222154419.0
008
251222s9999||||xx |||||||||||||| ||spa||
082
_a
970.015/S21
100
_a
"Sanz, RicardoDel Olmo, Margarita"
245
0
_a
Nacimiento y vida del noble castellano Cristobal Colón
942
_c
LIB
999
_c
35962
_d
35962